00515nmm a2200145Ia 4500008004100000020001800041041000800059100004900067245009400116264004000210300001800250490001800268650003200286856005100318251105s9999||||xx |||||||||||||||||und|| a9788492511051 aspa aSonia Fleury, Joan Subirats e Ismael Serrano 0aRespuestas locales a inseguridades globales : innovación y cambios en Brasil y España a[Madrid, España] :bCIDOB, c2008 a456 páginas aLatin America aPolitical Science (General) uhttps://public.digitaliapublishing.com/a/19585